000346506 001__ 346506
000346506 005__ 20260201183154.0
000346506 022__ $$a2956-4581$$l2956-4581
000346506 0247_ $$2ZDBID$$aPERI:(DE-600)3146901-2
000346506 0247_ $$2ZDBPPN$$aZDPPN:1279834862
000346506 0247_ $$2EZBID$$aPERI:(DE-606)493821
000346506 0247_ $$2EZBID$$aPERI:(DE-606)493821
000346506 0247_ $$2OCLC$$aOCLC:1411695604
000346506 0247_ $$2ISI$$aWOS:JOURNAL OF KINESIOLOGY AND EXERCISE SCIENCES
000346506 0247_ $$2SCOPUS$$aSCOPUS:21101185425
000346506 0247_ $$2Medline$$amedline:9918820287706676
000346506 035__ $$aPERI:(DE-600)3146901-2
000346506 040__ $$a0005$$bger$$cDE-101$$dJOIN²$$eJOIN² journal identification
000346506 041__ $$aeng
000346506 044__ $$cXA-PL
000346506 082__ $$223sdnb$$a610$$qDE-600
000346506 08274 $$223sdnb$$a610$$qDE-600
000346506 2100_ $$2iso$$aJ Kinesiol Exerc Sci
000346506 2100_ $$2dnlm$$aJ Kinesiol Exerc Sci
000346506 2100_ $$2iso$$aJ Kinesiol Exerc Sci
000346506 24220 $$2DE-600$$aJournal of kinesiology and exercise science$$bJKES$$yen
000346506 24220 $$2DE-600$$aJournal of kinesiology and exercise science$$bJKES
000346506 245__ $$2DE-600$$aJournal of kinesiology and exercise science$$bJKES$$honline
000346506 2463_ $$2DE-600$$aJournal of kinesiology and exercise science
000346506 2463_ $$aAntropomotoryka
000346506 2463_ $$aJournal of Kinesiology and Exercise Sciences
000346506 2463_ $$aJournal of kinesiology and exercise science
000346506 260__ $$aKrakow, Poland$$bUniversity of Physical Education$$c[2022]-
000346506 2607_ $$2DOAJ$$aPoland$$bAkademia Wychowania Fizycznego im. Bronisława Czecha w Krakowie$$d2023-03-10T12:35:33Z
000346506 26431 $$aKrakow, Poland$$bUniversity of Physical Education$$c[2022]-
000346506 3620_ $$2DE-600$$aVol. 32, no. 4 = 100 (2022)-
000346506 36301 $$2DE-600$$81.1\x$$a32$$b4$$i2022
000346506 380__ $$2marcgt$$ajournal
000346506 500__ $$aAutomatically generated record. (Updated: 2025-11-10)
000346506 650_7 $$0ASJC:3612$$2ASJC$$aPhysical Therapy, Sports Therapy and Rehabilitation
000346506 650_7 $$0ASJC:2732$$2ASJC$$aOrthopedics and Sports Medicine
000346506 65310 $$2EZB-Subject$$aSports Science
000346506 65310 $$2EZB-Subject$$aMedicine
000346506 65310 $$2EZB-Keyword$$aSportmedizin
000346506 65310 $$2DOAJ$$asports$$d2023-03-10T12:35:33Z
000346506 65310 $$2DOAJ$$aphysical education$$d2023-03-10T12:35:33Z
000346506 65310 $$2DOAJ$$asports medicine$$d2023-03-10T12:35:33Z
000346506 65310 $$2DOAJ$$aphysical activity$$d2023-03-10T12:35:33Z
000346506 65310 $$2DOAJ$$asports physiology$$d2023-03-10T12:35:33Z
000346506 65310 $$2DOAJ$$akinesiology$$d2023-03-10T12:35:33Z
000346506 65310 $$2DOAJ$$aGeography. Anthropology. Recreation: Recreation. Leisure: Sports$$d2023-03-10T12:35:33Z
000346506 65310 $$2DOAJ$$aMedicine$$d2023-03-10T12:35:33Z
000346506 7102_ $$0(DE-101)952241234$$2gnd$$4isb$$aAkademia Wychowania Fizycznego im. Bronisława Czecha w Krakowie$$eHerausgebendes Organ
000346506 78000 $$2DE-600$$dKrakow, Poland : University of Physical Education, [2008-2022]$$hOnline-Ressource$$iFortsetzung von$$tAntropomotoryka$$w(DE-600)3146900-0$$x2353-3986
000346506 8564_ $$d0$$uhttps://ezb.ur.de/?3146901-2$$yEZB
000346506 8564_ $$d0$$uhttps://jkes.eu/resources/html/cms/FORAUTHORSINFO$$yReview process
000346506 8564_ $$d0$$uhttps://jkes.eu/resources/html/cms/MYMANUSCRIPTS$$yInstructions for Authors
000346506 8564_ $$d0$$uhttps://jkes.eu/resources/html/cms/MYMANUSCRIPTS#Information-and-open-access-policy$$yAPC information
000346506 8564_ $$d0$$uhttps://jkes.eu/resources/html/cms/SCIENTIFICCOUNCIL$$yEditorial board
000346506 8564_ $$d0$$uhttps://jkes.eu/resources/html/cmsi/2663$$yScope
000346506 8564_ $$d0$$uhttps://jkes.eu/resources/html/cmsi/2704$$yVerlag = kostenfrei
000346506 8801_ $$2DE-600$$aJournal of kinesiology and exercise science$$bJKES
000346506 909CO $$ooai:juser.fz-juelich.de:1016346$$pauthority$$pauthority:PERI
000346506 909CO $$ooai:juser.fz-juelich.de:1016346
000346506 915__ $$0StatID:(DE-HGF)0200$$2StatID$$aDBCoverage$$bSCOPUS$$d2025-11-10
000346506 915__ $$0StatID:(DE-HGF)0300$$2StatID$$aDBCoverage$$bMedline$$d2025-11-10
000346506 915__ $$0StatID:(DE-HGF)0501$$2StatID$$aDBCoverage$$bDOAJ Seal$$d2023-03-10T12:35:33Z
000346506 915__ $$0StatID:(DE-HGF)0500$$2StatID$$aDBCoverage$$bDOAJ$$d2023-03-10T12:35:33Z
000346506 915__ $$0StatID:(DE-HGF)0030$$2StatID$$aPeer Review$$bDOAJ : Double anonymous peer review$$d2023-03-10T12:35:33Z
000346506 915__ $$0LIC:(DE-HGF)CCBYSANV$$2V:(DE-HGF)$$aCreative Commons Attribution-ShareAlike CC BY-NC-SA (No Version)$$bDOAJ$$d2023-03-10T12:35:33Z
000346506 915__ $$0StatID:(DE-HGF)0199$$2StatID$$aDBCoverage$$bClarivate Analytics Master Journal List$$d2025-11-10
000346506 915__ $$0StatID:(DE-HGF)0112$$2StatID$$aWoS$$bEmerging Sources Citation Index$$d2025-11-10
000346506 915__ $$0StatID:(DE-HGF)0150$$2StatID$$aDBCoverage$$bWeb of Science Core Collection$$d2025-11-10
000346506 980__ $$aPERI
000346506 980__ $$aAUTHORITY